000 00768nam a2200229Ia 4500
001 9808
003 GE_BSU
008 181216s||||||||xx |||||||||||||| ||und||
040 _cGE_BSU
080 _a821.353.1–1
100 _aნიჟარაძე,ენვერ
245 _aთანამედროვე–თანამედროვეს!
245 _bლექსები
245 _cრედ.ლ.თურბანდიშვილი.მხატვ.რ.საჯაია
260 _aთბილისი
260 _bმერანი
260 _c1986
300 _a207გვ.17სმ.
653 _aთანამედროვე–თანამედროვეს!
653 _aლექსები
942 _cBK
999 _c43088
_d43088